Loading...
| Beliefs | 11 | 10.91 | 1,127% | 218% | 218% |
| Current Events | 3 | 16.67 | 533% | 533% | 200% |
| Fine Arts - Auditory | 5 | 10.00 | 720% | 0% | 480% |
| Fine Arts - Visual | 4 | 12.50 | 900% | 450% | 150% |
| Geography | 2 | 20.00 | 1,800% | 300% | 600% |
| History - American | 4 | 15.00 | 1,800% | 400% | 150% |
| History - European | 6 | 15.00 | 1,467% | 300% | 300% |
| History - World | 6 | 13.33 | 2,067% | 300% | 100% |
| Literature - American | 5 | 22.00 | 1,760% | 320% | 560% |
| Literature - British | 5 | 22.00 | 3,200% | 320% | 320% |
| Literature - European | 3 | 10.00 | 533% | 200% | 200% |
| Other Academic | 1 | 20.00 | 0% | 600% | 600% |
| Other Arts: Auditory | 2 | 10.00 | 1,800% | 0% | 300% |
| Other Arts: Visual | 4 | 10.00 | 900% | 400% | 0% |
| Other Science: Astronomy | 1 | 10.00 | 0% | 600% | 0% |
| Other Science: Computer Science | 1 | 10.00 | 0% | 600% | 0% |
| Other Science: Earth Science | 2 | 20.00 | 1,800% | 600% | 300% |
| Other Science: Math | 1 | 10.00 | 3,600% | 0% | 0% |
| Philosophy | 6 | 15.00 | 2,400% | 300% | 200% |
| Science - Biology | 6 | 11.67 | 1,800% | 200% | 200% |
| Science - Chemistry | 4 | 10.00 | 0% | 300% | 300% |
| Science - Physics | 6 | 15.00 | 2,400% | 300% | 167% |
| Social Science | 5 | 14.00 | 2,160% | 120% | 360% |
| 15 | 16.00 | 2,267% | 293% | 240% |